LEADER 02143nam1-2200481---450- 001 990001430250203316 005 20101029184326.0 035 $a000143025 035 $aUSA01000143025 035 $a(ALEPH)000143025USA01 035 $a000143025 100 $a20040217d--------km-y0itay0103----ba 101 $aita 102 $aIT 105 $a||||||||001yy 200 1 $aStoria della Filosofia moderna$fErnst Cassirer 210 $aTorino$cEinaudi 215 $a4 v.$d22 cm 225 $aBiblioteca di cultura filosofica 410 0$12001$aBiblioteca di cultura filosofica 454 1$12001 461 1$1001-------$12001 463 \1$1001990001430280203316$12001 $a<<1.>>: <> problema della conoscenza nella filosofia e nella scienza dall'Umanesimo alla Scuola cartesiana 463 \1$1001990001430290203316$12001 $a<<2.>>: <> problema della conoscenza nella filosofia da Bacone a Kant 463 \1$1001990001430330203316$12001 $a<<3.>>: <> problema della conoscenza nei sistemi postkantiani 463 \1$1001990001430340203316$12001 $a<<4.>>: <> problema della conoscenza nei sistemi posthegeliani 463 \1$1001990002089890203316$12001 $a<<1.>>: <> problema della conoscenza nella filosofia e nella scienza dall'umanesimo alla scuola cartesiana 463 \1$1001990002089910203316$12001 $a<<2.>>: <> problema della conoscenza nella filosofia e nella scienza da Bacone a Kant 463 \1$1001990002089930203316$12001 $a<<3.>>: <> problema della conoscenza nei sistemi postkantiani 463 \1$1001990002089940203316$12001 $a<<4.>>: <> problema della conoscenza nei sistemi posthegeliani 676 $a190 700 1$aCASSIRER,$bErnst$045625 801 0$aIT$bsalbc$gISBD 912 $a990001430250203316 951 $aIV B 22$bL.M.$cIV B 959 $aBK 969 $aUMA 979 $aSIAV7$b10$c20040217$lUSA01$h1424 979 $aSIAV7$b10$c20040217$lUSA01$h1432 979 $aPATRY$b90$c20040406$lUSA01$h1740 979 $aDSSP1$b90$c20101029$lUSA01$h1843 996 $aErkenntnisproblem in der philosophie und wissenschaft der neuren zeit$916354 997 $aUNISA LEADER 01370nam2-2200409li-450 001 990000178830203316 005 20180312154608.0 035 $a0017883 035 $aUSA010017883 035 $a(ALEPH)000017883USA01 035 $a0017883 100 $a20001109d1975----km-y0itay0103----ba 101 0 $afre 102 $aFR 200 1 $aApplications de la thermodynamiquedu non-équilibre$ebases d'énergetique pratique$fPierre Chartier, Maurice Gross, K.S. Spiegler$gavant-propos par P. Glansdorff et I. Prigogine 210 $aParis$cHermann$d1975 215 $a191 p.$cill.$d24 cm 225 2 $aActualités scientifiques et industrielles$v1363 410 0$10010017884$12001$aActualités scientifiques et industrielles 610 1 $atermodinamica 676 $a5367$9. 700 1$aChartier,$bPierre$0223882 702 1$aGlansdorff,$bP. 702 1$aGross,$bMaurice 702 1$aPrigogine I. 702 1$aSpiegler,$bK. S. 801 $aSistema bibliotecario di Ateneo dell' Università di Salerno$gRICA 912 $a990000178830203316 951 $a500 ASI (1363)$b0003401 959 $aBK 969 $aSCI 979 $c19900611 979 $c20001110$lUSA01$h1713 979 $c20020403$lUSA01$h1625 979 $aPATRY$b90$c20040406$lUSA01$h1613 996 $aApplications de la thermodynamiquedu non-équilibre$91487614 997 $aUNISA